| 000 | 00709cam a22002413a 4500 | ||
|---|---|---|---|
| 001 | 26560 | ||
| 003 | PGUSA | ||
| 005 | 20140828083555.0 | ||
| 008 | 080908s2008||||xxu|||||s|||||000 1 eng d | ||
| 040 |
_aPGUSA _beng |
||
| 042 | _adc | ||
| 050 | 4 | _aPZ | |
| 100 | 1 |
_aTolman, Albert Walter, _d1866- |
|
| 245 | 1 | 0 |
_aJim Spurling, Fisherman ; _bor, Making Good _h[electronic resource] / _cAlbert Walter Tolman |
| 260 |
_bProject Gutenberg, _c2008 |
||
| 506 | _aPublic domain in the USA. | ||
| 516 | _aElectronic text | ||
| 653 | _aMaine -- Juvenile fiction | ||
| 653 | _aFisheries -- Juvenile fiction | ||
| 830 | 0 |
_aProject Gutenberg _v26560 |
|
| 856 | 4 | 0 | _uhttp://www.gutenberg.org/ebooks/26560 |
| 942 | _cEB | ||
| 999 |
_c255815 _d255815 |
||